000 00715nam a2200205Ii 4500
003 JO-AjNU
008 230605s9999||||xx |||||||||||||| ||und||
040 _aJO-AjNU
_bara
_erda
_cJO-AjNU
041 _aara
050 1 4 _aPJ7745.J3.Z48 1979
100 3 _aتحقيق وشرح هارون، عبد السلام محمد,
_eauthor
_959108
245 0 0 _aرسائل الجاحظ، 3-4
250 _aط1
264 3 1 _aالقاهرة: مكتبة الخانجي، 1979
300 _aج3-4:424ص
336 _atext
_btxt
_2rdacontent
337 _aunmediated
_bn
_2rdamedia
338 _avolume
_bnc
_2rdacarrier
650 4 _a الجاحظ ، ابو عثمان عمرو بن بحر 150-255 هـ -- الرسائل
_959109
999 _aA26582
_c30150
_d30150